Những danh tướng chống ngoại xâm thời Trần
Giới thiệu tiểu sử và chiến công của các tướng lĩnh thời Trần như: Lê Tần, Hưng Đạo Vương Trần Quốc Tuấn, Trần Quang Khải, Trần Khánh Dư, Trần Nhật Duật...
Gorde:
| Egile nagusia: | |
|---|---|
| Formatua: | Liburua |
| Hizkuntza: | Undetermined |
| Argitaratua: |
Hà Nội
Giáo dục Việt Nam
2015
|
| Gaiak: | |
| Etiketak: |
Etiketa erantsi
Etiketarik gabe, Izan zaitez lehena erregistro honi etiketa jartzen!
|
| Thư viện lưu trữ: | Trung tâm Học liệu Trường Đại học Cần Thơ |
|---|
| LEADER | 00909nam a2200205Ia 4500 | ||
|---|---|---|---|
| 001 | CTU_207055 | ||
| 008 | 210402s9999 xx 000 0 und d | ||
| 020 | |c 30000 | ||
| 082 | |a 959.7024092 | ||
| 082 | |b Qu451 | ||
| 100 | |a Quốc Chấn | ||
| 245 | 0 | |a Những danh tướng chống ngoại xâm thời Trần | |
| 245 | 0 | |c Quốc Chấn (chủ biên), Lê Kim Lữ, Cẩm Hương | |
| 260 | |a Hà Nội | ||
| 260 | |b Giáo dục Việt Nam | ||
| 260 | |c 2015 | ||
| 520 | |a Giới thiệu tiểu sử và chiến công của các tướng lĩnh thời Trần như: Lê Tần, Hưng Đạo Vương Trần Quốc Tuấn, Trần Quang Khải, Trần Khánh Dư, Trần Nhật Duật... | ||
| 650 | |a Tác gia Việt Nam,Authors, Vietnamese | ||
| 904 | |i Tuyến | ||
| 980 | |a Trung tâm Học liệu Trường Đại học Cần Thơ | ||